Statistics for Star Trek III: The Search for Spock quiz

Click here to take the quiz!

General Stats

  • This quiz has been taken 20 times
  • The average score is 9 of 12

Answer Stats

Hint Answer % Correct
Which cast member directed the film?Leonard Nimoy
100%
Who is unwittingly carrying Spock's katra, or spirit?Dr. McCoy
90%
Who does Commander Kruge kill?David Marcus
90%
What did the Genesis device create when it exploded?a planet
90%
Including body doubles and differently-aged versions of the character, how many actors portrayed Spock in this film?7
90%
Which starship do Kirk and his crew disable while stealing the Enterprise from Spacedock?USS Excelsior
90%
What do the Klingons think the Genesis device is?a weapon
90%
What actors portrays Kruge, the Klingon commander?Christopher Lloyd
80%
Which Vulcan is one of the people who finds the reincarnated Spock?Lt. Saavik
70%
According to Spock's father, what will happen to that person if Spock's katra is not reunited with his body?he will die
50%
What ceremony is performed to reunite Spock's katra with his body?fal-tor-pan
20%
Who was cast as Lieutenant Saavik after Kirstie Alley chose not to reprise the role?Robin Curtis
10%

Score Distribution

Percentile by Number Answered

Percent of People with Each Score

Your Score History

You have not taken this quiz